Statistics for Islands in the Baltic Sea

Click here to take the quiz!

General Stats

  • This quiz has been taken 48 times
  • The average score is 9 of 20

Answer Stats

AmountAnswer% Correct
2,994 km²Gotland
87%
57,381Gotland
87%
685 km²Fasta Åland
72%
44,100Bornholm
64%
588 km²Bornholm
64%
7,031 km²Zealand
62%
2,208,348Zealand
62%
1,342 km²Öland
54%
2,637 km²Saaremaa
51%
935 km²Rügen
44%
73,000Rügen
44%
3,099 km²Funen
41%
466,284Funen
41%
76,500Usedom
41%
989 km²Hiiumaa
36%
1,243 km²Lolland
31%
68,224Lolland
31%
171,210Amager
10%
51,322Als
5%
48,000Värmdö
3%

Score Distribution

Percentile by Number Answered

Percent of People with Each Score

Your Score History

You have not taken this quiz